[Event "Belgrade Radnicki IM T2 12"]
[Site "Belgrade"]
[Date "2021.12.18"]
[Round "6"]
[White "Zhapova, Yana"]
[Black "Abramovic, Bosko"]
[Result "1/2-1/2"]
[WhiteElo "2219"]
[BlackElo "2274"]
[PlyCount "20"]
[EventDate "2021.12.13"]
[EventType "tourn"]
[EventRounds "9"]
[EventCountry "SRB"]
[SourceTitle "CBM 205 Extra"]
[Source "ChessBase"]
[SourceDate "2022.01.31"]
[SourceVersion "1"]
[SourceVersionDate "2022.01.31"]
[SourceQuality "1"]

1. e4 e5 2. Nf3 Nc6 3. Nc3 Nf6 4. Bb5 Bb4 5. 0-0 0-0 6. d3 Bxc3 7. bxc3 d6 8. Bg5 Bd7 9. Rb1 h6 10. Bh4 a6 1/2-1/2

[Event "Belgrade Radnicki IM T2 12"]
[Site "Belgrade"]
[Date "2021.12.14"]
[Round "2"]
[White "Djuric, Stefan"]
[Black "Abramovic, Bosko"]
[Result "1/2-1/2"]
[WhiteElo "2296"]
[BlackElo "2274"]
[PlyCount "25"]
[EventDate "2021.12.13"]
[EventType "tourn"]
[EventRounds "9"]
[EventCountry "SRB"]
[SourceTitle "CBM 205 Extra"]
[Source "ChessBase"]
[SourceDate "2022.01.31"]
[SourceVersion "1"]
[SourceVersionDate "2022.01.31"]
[SourceQuality "1"]

1. b3 d5 2. Bb2 Nf6 3. Nf3 c6 4. e3 Bg4 5. Be2 Nbd7 6. Ne5 Bxe2 7. Qxe2 Nxe5 8. Bxe5 e6 9. 0-0 Bd6 10. f4 0-0 11. Kh1 Bxe5 12. fxe5 Nd7 13. d4 1/2-1/2

[Event "Novi Sad TS Mix 217th"]
[Site "Novi Sad"]
[Date "2021.10.17"]
[Round "2"]
[White "Rosh, Jain"]
[Black "Abramovic, Bosko"]
[Result "1-0"]
[WhiteElo "1844"]
[BlackElo "2286"]
[PlyCount "97"]
[EventDate "2021.10.16"]
[EventType "tourn"]
[EventRounds "13"]
[EventCountry "SRB"]
[EventCategory "1"]
[SourceTitle "EXT 2023"]
[Source "ChessBase"]
[SourceDate "2022.10.05"]
[SourceVersion "1"]
[SourceVersionDate "2022.10.05"]
[SourceQuality "1"]

1. e4 e5 2. Nf3 Nc6 3. Bb5 a6 4. Ba4 Nf6 5. 0-0 Be7 6. Re1 b5 7. Bb3 d6 8. c3 0-0 9. h3 Na5 10. Bc2 c5 11. d4 Qc7 12. Nbd2 Bd7 13. Nf1 cxd4 14. cxd4 Rfc8 15. Ne3 Nc6 16. d5 Nb4 17. Bb1 a5 18. g4 g6 19. Nh2 a4 20. a3 Na6 21. f3 b4 22. Ng2 Nc5 23. Be3 Nb3 24. Ra2 Qb8 25. f4 Bd8 26. Qf3 Be8 27. f5 Nd7 28. g5 Bb6 29. f6 Rc1 30. Rxc1 Nxc1 31. Qf2 Nxa2 32. Qh4 Bxe3+ 33. Nxe3 Qb6 34. Kf2 h5 35. gxh6 Nf8 36. h7+ Nxh7 37. Nhg4 Qd8 38. Nf5 Bd7 39. Nfh6+ Kf8 40. Nxf7 Qb6+ 41. Kg2 Bxg4 42. Qxh7 Bxh3+ 43. Kh1 Ra7 44. Bd3 Nc3 45. bxc3 bxa3 46. Qg7+ Ke8 47. Bb5+ Qxb5 48. Qg8+ Kd7 49. Qd8# 1-0

[Event "SRB-chT 1st League CS"]
[Site "Bajina Basta"]
[Date "2021.09.26"]
[Round "1.2"]
[White "Djordjevic, Vuk D"]
[Black "Abramovic, Bosko"]
[Result "1-0"]
[WhiteElo "2350"]
[BlackElo "2286"]
[PlyCount "79"]
[EventDate "2021.09.26"]
[EventType "team-tourn"]
[EventRounds "11"]
[EventCountry "SRB"]
[SourceTitle "EXT 2023"]
[Source "ChessBase"]
[SourceDate "2022.10.05"]
[SourceVersion "1"]
[SourceVersionDate "2022.10.05"]
[SourceQuality "1"]
[WhiteTeam "Paracin OSK"]
[BlackTeam "Kraljevo Sloga"]
[WhiteTeamCountry "SRB"]
[BlackTeamCountry "SRB"]

1. e4 e5 2. Nf3 Nc6 3. d4 exd4 4. Nxd4 Bb4+ 5. c3 Be7 6. Bf4 d6 7. Be2 Nf6 8. Nd2 0-0 9. 0-0 Re8 10. Qc2 Bf8 11. Rfe1 Bd7 12. Rad1 g6 13. Bg5 Bg7 14. Bc4 Qe7 15. f4 Qf8 16. N4f3 h6 17. Bh4 Nh5 18. f5 g5 19. Bf2 Rad8 20. b4 a6 21. a4 Ne5 22. Nxe5 Bxe5 23. Nf3 Bf6 24. h3 Qg7 25. Rd3 b5 26. axb5 axb5 27. Bb3 Re7 28. Nh2 Bc6 29. Rde3 Be5 30. Ng4 Nf6 31. Nxe5 dxe5 32. c4 bxc4 33. Qxc4 Ba8 34. R3e2 Red7 35. Ba4 Rd3 36. Bc2 R3d7 37. Ba4 Rd3 38. Qxc7 Nh5 39. Bb5 R3d6 40. Bc5 1-0

[Event "Novi Sad Put Svile IM Mix 6"]
[Site "Novi Sad"]
[Date "2021.08.11"]
[Round "6"]
[White "Abramovic, Bosko"]
[Black "Asylov, Miras"]
[Result "1-0"]
[WhiteElo "2298"]
[BlackElo "1981"]
[PlyCount "25"]
[EventDate "2021.08.08"]
[EventType "swiss"]
[EventRounds "9"]
[EventCountry "SRB"]
[SourceTitle "CBM 203 Extra"]
[Source "ChessBase"]
[SourceDate "2021.09.30"]
[SourceVersion "1"]
[SourceVersionDate "2021.09.30"]
[SourceQuality "1"]

1. Nf3 Nf6 2. g3 g6 3. Bg2 Bg7 4. 0-0 0-0 5. c4 d6 6. Nc3 e5 7. d4 Nfd7 8. e4 exd4 9. Nxd4 Re8 10. h3 Ne5 11. Re1 a5 12. b3 c6 13. Rb1 1-0

[Event "Novi Sad Put Svile IM Mix 6"]
[Site "Novi Sad"]
[Date "2021.08.11"]
[Round "7"]
[White "Aditya, Bikram Paul"]
[Black "Abramovic, Bosko"]
[Result "1-0"]
[WhiteElo "2080"]
[BlackElo "2298"]
[PlyCount "115"]
[EventDate "2021.08.08"]
[EventType "swiss"]
[EventRounds "9"]
[EventCountry "SRB"]
[SourceTitle "CBM 203 Extra"]
[Source "ChessBase"]
[SourceDate "2021.09.30"]
[SourceVersion "1"]
[SourceVersionDate "2021.09.30"]
[SourceQuality "1"]

1. d4 Nf6 2. c4 e6 3. g3 d5 4. Bg2 Be7 5. Nf3 0-0 6. 0-0 b6 7. Nc3 Bb7 8. Ne5 Na6 9. cxd5 exd5 10. Qa4 Qe8 11. Qb3 c5 12. Nxd5 Nxd5 13. Bxd5 Bxd5 14. Qxd5 cxd4 15. Qxd4 Bf6 16. f4 Nc5 17. b3 Rd8 18. Qe3 Bxe5 19. fxe5 Rd5 20. Bb2 Qd7 21. Rf4 Ne6 22. Rf2 Rd8 23. Raf1 Rd1 24. Rxd1 Qxd1+ 25. Kg2 h6 26. h4 Rc8 27. Qf3 Qd7 28. Qd3 Qb7+ 29. Qf3 Qd7 30. e3 Rc5 31. Qa8+ Rc8 32. Qf3 Rc5 33. g4 Rd5 34. Bc3 Nc5 35. Kg3 Qe6 36. b4 Nd7 37. e4 Rxe5 38. Bxe5 Nxe5 39. Qf5 Qd6 40. Kg2 g6 41. Qc8+ Kg7 42. Qc3 Qe6 43. Kf1 g5 44. Rf5 f6 45. Qc7+ Nf7 46. e5 fxe5 47. hxg5 hxg5 48. Rxg5+ Kh6 49. Rf5 Kg6 50. Rxf7 Qxf7+ 51. Qxf7+ Kxf7 52. Kf2 Kf6 53. b5 Kg5 54. Kf3 e4+ 55. Kxe4 Kxg4 56. Kd5 Kf4 57. Kc6 Ke4 58. Kb7 1-0

[Event "Novi Sad Put Svile IM Mix 6"]
[Site "Novi Sad"]
[Date "2021.08.09"]
[Round "2"]
[White "Abramovic, Bosko"]
[Black "Popchev, Milko"]
[Result "1-0"]
[WhiteElo "2298"]
[BlackElo "2248"]
[PlyCount "68"]
[EventDate "2021.08.08"]
[EventType "swiss"]
[EventRounds "9"]
[EventCountry "SRB"]
[SourceTitle "CBM 203 Extra"]
[Source "ChessBase"]
[SourceDate "2021.09.30"]
[SourceVersion "1"]
[SourceVersionDate "2021.09.30"]
[SourceQuality "1"]

1. Nf3 d6 2. g3 e5 3. d3 Nf6 4. Bg2 Be7 5. c4 0-0 6. Nc3 Re8 7. 0-0 Bf8 8. h3 c6 9. e4 c5 10. a3 Nc6 11. Rb1 Be7 12. b4 b6 13. Nd5 Nd7 14. b5 Nd4 15. a4 a6 16. h4 axb5 17. cxb5 Nf6 18. Nxd4 cxd4 19. Nb4 Bb7 20. Bd2 Qd7 21. Qb3 Rec8 22. Rfc1 Rc5 23. Rc2 Rac8 24. Rbc1 Qe6 25. Qb2 d5 26. exd5 Nxd5 27. Rxc5 Rxc5 28. Nc6 Nc3 29. Bxc3 dxc3 30. Nxe7+ Qxe7 31. Rxc3 Bxg2 32. Rxc5 Qxc5 33. Kxg2 Kf8 34. a5 Qd5+ 1-0

[Event "Belgrade Serbia op"]
[Site "Belgrade"]
[Date "2021.07.03"]
[Round "2"]
[White "Gharibyan, Mamikon"]
[Black "Abramovic, Bosko"]
[Result "1-0"]
[WhiteElo "2464"]
[BlackElo "2334"]
[PlyCount "73"]
[EventDate "2021.07.02"]
[EventType "swiss"]
[EventRounds "9"]
[EventCountry "SRB"]
[SourceTitle "CBM 203 Extra"]
[Source "ChessBase"]
[SourceDate "2021.09.30"]
[SourceVersion "1"]
[SourceVersionDate "2021.09.30"]
[SourceQuality "1"]

1. d4 Nf6 2. c4 e6 3. Nf3 d5 4. Bg5 Be7 5. Nc3 h6 6. Bxf6 Bxf6 7. e3 c6 8. Bd3 Nd7 9. 0-0 0-0 10. Rc1 dxc4 11. Bxc4 e5 12. d5 Nb6 13. b3 cxd5 14. Bxd5 Qe7 15. Qd3 Kh8 16. Be4 Rd8 17. Qb5 Bd7 18. Qa5 Be8 19. Nb5 Bxb5 20. Qxb5 Rd6 21. Rfd1 a6 22. Qa5 Rc8 23. g3 g6 24. Kg2 Rxc1 25. Rxc1 Kg7 26. Qc5 Nd7 27. Qc8 b5 28. Rc7 Qe6 29. Ra7 Nf8 30. Qb7 Nd7 31. Qc7 Nf8 32. Ra8 Be7 33. Re8 Nd7 34. Bb7 Qf6 35. a4 b4 36. Qc4 a5 37. Qc7 1-0

[Event "Belgrade Serbia op"]
[Site "Belgrade"]
[Date "2021.07.02"]
[Round "1"]
[White "Abramovic, Bosko"]
[Black "Demchenko, Svitlana"]
[Result "1-0"]
[WhiteElo "2334"]
[BlackElo "2089"]
[PlyCount "95"]
[EventDate "2021.07.02"]
[EventType "swiss"]
[EventRounds "9"]
[EventCountry "SRB"]
[SourceTitle "CBM 203 Extra"]
[Source "ChessBase"]
[SourceDate "2021.09.30"]
[SourceVersion "1"]
[SourceVersionDate "2021.09.30"]
[SourceQuality "1"]

1. Nf3 c5 2. c4 Nc6 3. Nc3 g6 4. e3 Bg7 5. d4 cxd4 6. exd4 d6 7. d5 Ne5 8. Nxe5 Bxe5 9. Be2 h5 10. Be3 Nh6 11. Bd4 Nf5 12. Bxe5 dxe5 13. 0-0 0-0 14. Re1 f6 15. Qd2 e6 16. Bd3 exd5 17. Nxd5 Be6 18. Bxf5 Bxf5 19. f4 Qd6 20. fxe5 fxe5 21. Qe3 Rfe8 22. Rad1 b6 23. h3 Rac8 24. b3 Kg7 25. Qg3 Qc5+ 26. Kh1 e4 27. Rf1 Qf8 28. Ne3 Rc5 29. Rd5 Rxd5 30. cxd5 Kh7 31. Nxf5 gxf5 32. Qg5 Re5 33. Rc1 Re7 34. Qxh5+ Kg8 35. Rc6 Rh7 36. Qg6+ Rg7 37. Qh6 Qe8 38. Re6 Qb5 39. Rg6 Qf1+ 40. Kh2 Rxg6 41. Qxg6+ Kf8 42. d6 Qf4+ 43. Qg3 Qd2 44. Qe5 Kg8 45. h4 f4 46. Qe8+ Kg7 47. Qe7+ Kh6 48. d7 1-0

[Event "Veliko Gradiste Silver Lake op-A"]
[Site "Veliko Gradiste"]
[Date "2021.06.30"]
[Round "9"]
[White "Efremov, Vladislav"]
[Black "Abramovic, Bosko"]
[Result "1/2-1/2"]
[WhiteElo "2173"]
[BlackElo "2334"]
[PlyCount "52"]
[EventDate "2021.06.23"]
[EventType "swiss"]
[EventRounds "9"]
[EventCountry "SRB"]
[SourceTitle "EXT 2022"]
[Source "ChessBase"]
[SourceDate "2021.10.06"]
[SourceVersion "1"]
[SourceVersionDate "2021.10.06"]
[SourceQuality "1"]

1. d4 Nf6 2. c4 e6 3. Nf3 d5 4. Nc3 Nbd7 5. Bf4 dxc4 6. e3 a6 7. a4 Bd6 8. Bxd6 cxd6 9. Bxc4 0-0 10. 0-0 b6 11. e4 Bb7 12. Re1 e5 13. dxe5 Nxe5 14. Nxe5 dxe5 15. Qxd8 Rfxd8 16. Rad1 Rac8 17. Rxd8+ Rxd8 18. f3 Kf8 19. Rd1 Rc8 20. Bb3 Ke7 21. Kf2 Rc5 22. Ke3 Bc6 23. g3 h6 24. Rc1 g6 25. Kd2 a5 26. Na2 Ne8 1/2-1/2

[Event "Veliko Gradiste Silver Lake op-A"]
[Site "Veliko Gradiste"]
[Date "2021.06.25"]
[Round "4"]
[White "Abramovic, Bosko"]
[Black "Balabayeva, Kseniya"]
[Result "1-0"]
[WhiteElo "2334"]
[BlackElo "2116"]
[PlyCount "38"]
[EventDate "2021.06.23"]
[EventType "swiss"]
[EventRounds "9"]
[EventCountry "SRB"]
[SourceTitle "CBM 203 Extra"]
[Source "ChessBase"]
[SourceDate "2021.09.30"]
[SourceVersion "1"]
[SourceVersionDate "2021.09.30"]
[SourceQuality "1"]

1. Nf3 d5 2. g3 Bg4 3. Bg2 Nd7 4. d3 e6 5. Nbd2 Bd6 6. 0-0 Ne7 7. e4 c6 8. d4 0-0 9. Re1 a5 10. h3 Bh5 11. c3 Rc8 12. a3 c5 13. exd5 Nxd5 14. Ne4 Be7 15. dxc5 Nxc5 16. Nxc5 Bxc5 17. c4 Ne7 18. Qb3 Bxf3 19. Bxf3 b6 1-0

[Event "Belgrade Spring GM2"]
[Site "Belgrade"]
[Date "2021.04.24"]
[Round "1"]
[White "Pastar, Slaven"]
[Black "Abramovic, Bosko"]
[Result "1-0"]
[WhiteElo "2374"]
[BlackElo "2333"]
[PlyCount "59"]
[EventDate "2021.04.24"]
[EventType "tourn"]
[EventRounds "9"]
[EventCountry "SRB"]
[EventCategory "7"]
[SourceTitle "CBM 202 Extra"]
[Source "ChessBase"]
[SourceDate "2021.07.31"]
[SourceVersion "1"]
[SourceVersionDate "2021.07.31"]
[SourceQuality "1"]

1. e4 c5 2. Nf3 e6 3. d4 cxd4 4. Nxd4 Nc6 5. Nc3 a6 6. Nxc6 bxc6 7. Bd3 d5 8. 0-0 Nf6 9. Re1 Be7 10. e5 Nd7 11. Qg4 Kf8 12. b3 c5 13. Na4 Bb7 14. Bb2 g6 15. c4 d4 16. b4 cxb4 17. Bxd4 Bc6 18. Bc2 Kg7 19. Rad1 Qc7 20. h4 h5 21. Qg3 Rad8 22. Be3 Bxa4 23. Bxa4 Nc5 24. Bc2 Rxd1 25. Rxd1 Rd8 26. Rxd8 Qxd8 27. Qf4 Nd3 28. Qe4 Nc5 29. Qc6 Qa5 30. Qe8 1-0

[Event "Belgrade Radnicki GM 04"]
[Site "Belgrade"]
[Date "2021.04.18"]
[Round "8"]
[White "Abramovic, Bosko"]
[Black "Petrov, Martin"]
[Result "0-1"]
[WhiteElo "2333"]
[BlackElo "2519"]
[PlyCount "42"]
[EventDate "2021.04.11"]
[EventType "tourn"]
[EventRounds "9"]
[EventCountry "SRB"]
[EventCategory "7"]
[SourceTitle "CBM 202 Extra"]
[Source "ChessBase"]
[SourceDate "2021.07.31"]
[SourceVersion "1"]
[SourceVersionDate "2021.07.31"]
[SourceQuality "1"]

1. Nf3 c5 2. g3 Nc6 3. Bg2 g6 4. 0-0 Bg7 5. c4 e5 6. Nc3 Nge7 7. Ne1 d6 8. Nc2 Be6 9. Ne3 h5 10. h4 f5 11. Ned5 0-0 12. e3 f4 13. exf4 exf4 14. Nxf4 Rxf4 15. gxf4 Nf5 16. d3 Nxh4 17. Re1 Nd4 18. Rxe6 Nxe6 19. Bxb7 Nd4 20. Be3 Rb8 21. Bd5+ Kh8 0-1

[Event "Belgrade Radnicki GM 04"]
[Site "Belgrade"]
[Date "2021.04.15"]
[Round "5"]
[White "Abramovic, Bosko"]
[Black "Kaasen, Tor Fredrik"]
[Result "1/2-1/2"]
[WhiteElo "2333"]
[BlackElo "2397"]
[PlyCount "106"]
[EventDate "2021.04.11"]
[EventType "tourn"]
[EventRounds "9"]
[EventCountry "SRB"]
[EventCategory "7"]
[SourceTitle "CBM 202 Extra"]
[Source "ChessBase"]
[SourceDate "2021.07.31"]
[SourceVersion "1"]
[SourceVersionDate "2021.07.31"]
[SourceQuality "1"]

1. Nf3 Nf6 2. g3 g6 3. Bg2 Bg7 4. 0-0 0-0 5. d4 d6 6. c4 Nc6 7. Nc3 e5 8. dxe5 dxe5 9. Qxd8 Rxd8 10. Bg5 Be6 11. b3 h6 12. Bxf6 Bxf6 13. Rad1 Bg7 14. Nd2 f5 15. Bd5 Kf7 16. e4 Rab8 17. Bxe6+ Kxe6 18. Nd5 Rbc8 19. f4 Nd4 20. fxe5 Bxe5 21. exf5+ gxf5 22. Rde1 Kd6 23. Nf3 Re8 24. Kg2 Bh8 25. Ne3 f4 26. Nxd4 fxe3 27. Nf5+ Kc5 28. Nxe3 Rcd8 29. Rf5+ Kd4 30. Kf3 Kc3 31. Rd5 Rf8+ 32. Ke2 Rde8 33. Rc1+ Kb4 34. c5 Ka3 35. Rc4 Kxa2 36. Rd2+ Ka3 37. Ra4+ Kxb3 38. Rxa7 b5 39. cxb6 cxb6 40. Rad7 Bc3 41. R2d3 b5 42. R7d6 b4 43. Rxh6 Ra8 44. Nd5 Ra2+ 45. Ke3 Re8+ 46. Kf3 Rf8+ 47. Nf4 Kc2 48. Re3 Ra3 49. Rc6 Kb1 50. Rb6 Kc2 51. Rc6 Kb1 52. Rb6 Kc2 53. Rc6 Kb1 1/2-1/2

[Event "Belgrade Radnicki GM 04"]
[Site "Belgrade"]
[Date "2021.04.13"]
[Round "3"]
[White "Abramovic, Bosko"]
[Black "Olsen, Filip Boe"]
[Result "0-1"]
[WhiteElo "2333"]
[BlackElo "2379"]
[PlyCount "114"]
[EventDate "2021.04.11"]
[EventType "tourn"]
[EventRounds "9"]
[EventCountry "SRB"]
[EventCategory "7"]
[SourceTitle "CBM 202 Extra"]
[Source "ChessBase"]
[SourceDate "2021.07.31"]
[SourceVersion "1"]
[SourceVersionDate "2021.07.31"]
[SourceQuality "1"]

1. Nf3 Nf6 2. g3 b5 3. Bg2 Bb7 4. 0-0 e6 5. b3 c5 6. c4 bxc4 7. bxc4 Be7 8. Bb2 0-0 9. d3 d6 10. Nbd2 Nbd7 11. Qa4 Qc7 12. Bc3 Rfb8 13. Ba5 Qc8 14. Rfb1 Bc6 15. Qc2 Qa6 16. Bc3 Rb6 17. Ne1 d5 18. Nb3 dxc4 19. Bxc6 cxd3 20. Nxd3 Rxc6 21. Ne5 Nxe5 22. Bxe5 c4 23. Nd4 Rc5 24. Nf3 Nd5 25. Bd4 Rcc8 26. a3 Rab8 27. Rxb8 Rxb8 28. e4 Nf6 29. Nd2 Rc8 30. Qc3 Bd8 31. Qf3 Nd7 32. Rc1 Bg5 33. Rd1 Bf6 34. Nb1 h6 35. Qe3 Bxd4 36. Rxd4 Nc5 37. e5 Qb6 38. Nd2 Nd3 39. Rxc4 Rxc4 40. Nxc4 Qb3 41. Nd2 Qxa3 42. Qe4 Qa1+ 43. Kg2 Nxe5 44. Nb3 Qc3 45. Nd4 Qc5 46. f4 Nc4 47. Nc6 Ne3+ 48. Kf3 Nf5 49. Ne5 Nd4+ 50. Kg2 Qd5 51. Qxd5 exd5 52. Kf2 f6 53. Nd7 Nc6 54. Ke3 Kf7 55. f5 Ke7 56. Nc5 a5 57. g4 Kd6 0-1

[Event "Belgrade Radnicki GM 04"]
[Site "Belgrade"]
[Date "2021.04.11"]
[Round "1"]
[White "Abramovic, Bosko"]
[Black "Salimova, Nurgyul"]
[Result "1/2-1/2"]
[WhiteElo "2333"]
[BlackElo "2397"]
[PlyCount "131"]
[EventDate "2021.04.11"]
[EventType "tourn"]
[EventRounds "9"]
[EventCountry "SRB"]
[EventCategory "7"]
[SourceTitle "CBM 202 Extra"]
[Source "ChessBase"]
[SourceDate "2021.07.31"]
[SourceVersion "1"]
[SourceVersionDate "2021.07.31"]
[SourceQuality "1"]

1. Nf3 d5 2. g3 Nf6 3. Bg2 e6 4. 0-0 Be7 5. d4 0-0 6. c4 c6 7. Nbd2 b6 8. Qc2 Bb7 9. e4 Na6 10. a3 c5 11. exd5 exd5 12. dxc5 Nxc5 13. b4 Ne6 14. Bb2 dxc4 15. Qxc4 Rc8 16. Qb3 Bd5 17. Qd3 Bxf3 18. Qxd8 Rfxd8 19. Nxf3 Rc2 20. Rab1 a5 21. Ne5 axb4 22. axb4 Rdc8 23. b5 Bc5 24. Nd3 Rd8 25. Nxc5 Rxc5 26. Bc6 h5 27. Rbc1 Rd2 28. Rxc5 Nxc5 29. Bc1 Rc2 30. Be3 Ng4 31. Bd4 Rc4 32. Rd1 Nf6 33. Bxf6 gxf6 34. Rd6 Kg7 35. Bf3 Na4 36. Bxh5 Rc5 37. Be2 Nc3 38. Bd3 Nxb5 39. Rxb6 Nd4 40. Kg2 Rc3 41. Be4 Rc7 42. Rd6 Ne6 43. Bd5 Nd4 44. h4 Nf5 45. Ra6 Re7 46. Bc4 Rd7 47. Ra5 Nh6 48. Be2 Rd2 49. Bh5 f5 50. Ra7 Rb2 51. Kf3 Rc2 52. Ke3 Rb2 53. f3 f4+ 54. Kxf4 Rb4+ 55. Ke3 Nf5+ 56. Kd3 Nxg3 57. Bxf7 Rxh4 58. Bh5+ Kf6 59. Bg4 Rh8 60. Ke3 Re8+ 61. Kf2 Nf5 62. Ra6+ Re6 63. Ra8 Re5 64. f4 Rb5 65. Ra6+ Kg7 66. Bxf5 1/2-1/2

[Event "SRB-ch sf"]
[Site "Paracin"]
[Date "2021.03.21"]
[Round "8"]
[White "Kotrla, Sebastijan"]
[Black "Abramovic, Bosko"]
[Result "0-1"]
[WhiteElo "2108"]
[BlackElo "2330"]
[PlyCount "80"]
[EventDate "2021.03.16"]
[EventType "swiss"]
[EventRounds "9"]
[EventCountry "SRB"]
[SourceTitle "CBM 201 Extra"]
[Source "ChessBase"]
[SourceDate "2021.05.31"]
[SourceVersion "1"]
[SourceVersionDate "2021.05.31"]
[SourceQuality "1"]

1. d4 d5 2. Nf3 Nf6 3. Bf4 c5 4. c3 Qb6 5. Qb3 Nc6 6. e3 c4 7. Qc2 Bf5 8. Qc1 Nh5 9. Bg3 Nxg3 10. hxg3 e6 11. Nbd2 Qd8 12. Nh4 Be7 13. Nxf5 exf5 14. Be2 0-0 15. Qc2 g6 16. a4 a6 17. Bf3 Qd7 18. Qc1 Rfe8 19. b3 b5 20. bxc4 bxc4 21. Kf1 Rab8 22. Bd1 Na5 23. Rb1 Qd6 24. Bc2 Qa3 25. Qxa3 Bxa3 26. Ke2 Bb2 27. Rh6 Bxc3 28. Rbh1 Rb2 29. Kd1 Bxd2 30. Rxh7 Re6 31. Rh8+ Kg7 32. R1h7+ Kf6 33. Kxd2 Nb3+ 34. Kc3 Ra2 35. Rf8 Re7 36. Rb8 Na1 37. Rb2 Ra3+ 38. Kb4 Nxc2+ 39. Rxc2 Rb3+ 40. Kc5 Ke6 0-1